banner koha

Utilização de fósforos e produção do feijoeiro: Influência de gramíneas forrageiras e fontes de fósforo (Registro n. 230332)

MARC details
000 -LÍDER
campo de controle de tamanho fixo 01056nas a2200325 4500
001 - NÚMERO DE CONTROLE
campo de controle BR2013006184
003 - IDENTIFICADOR DO NÚMERO DE CONTROLE
campo de controle BR-BrBNA
005 - DATA E HORÁRIO DA ÚLTIMA TRANSAÇÃO
campo de controle 20231205122740.0
007 - CAMPO FIXO DE DESCRIÇÃO FÍSICA--INFORMAÇÃO GERAL
campo de controle de tamanho fixo ta
008 - CAMPO DE DADOS FIXOS--INFORMAÇÃO GERAL
campo de controle de tamanho fixo 230509b bl.|||p| |||| 00| 00por d
040 ## - FONTE DA CATALOGAÇÃO
Instituição da catalogação original BR-BrBNA
Idioma da catalogação por
Instituição que transcreveu o registro Biblioteca Nacional de Agricultura
041 ## - CÓDIGO DE IDIOMA
Código do idioma do texto/trilha sonora ou título diferente (Pt)
072 ## - CÓDIGO DE CATEGORIA DE ASSUNTO
Código de Categoria de Assunto F04; F08
100 1# - ENTRADA PRINCIPAL--NOME PESSOAL
Nome pessoal Ramos, S.J.
100 1# - ENTRADA PRINCIPAL--NOME PESSOAL
Nome pessoal Faquin, V.
100 1# - ENTRADA PRINCIPAL--NOME PESSOAL
Nome pessoal Rodrigues, C.R.
100 1# - ENTRADA PRINCIPAL--NOME PESSOAL
Nome pessoal Silva, C.A.
100 1# - ENTRADA PRINCIPAL--NOME PESSOAL
Nome pessoal Ávila, F.W. de
100 1# - ENTRADA PRINCIPAL--NOME PESSOAL
Nome pessoal Sampaio, R.A.
245 1# - TÍTULO
Título Utilização de fósforos e produção do feijoeiro: Influência de gramíneas forrageiras e fontes de fósforo
650 ## - ASSUNTO--TERMO TÓPICO
Cabeçalho tópico ou nome geográfico FEIJÃO
650 ## - ASSUNTO--TERMO TÓPICO
Cabeçalho tópico ou nome geográfico GRAMÍNEA FORRAGEIRA
650 ## - ASSUNTO--TERMO TÓPICO
Cabeçalho tópico ou nome geográfico PLANTA DE COBERTURA
650 ## - ASSUNTO--TERMO TÓPICO
Cabeçalho tópico ou nome geográfico SISTEMA DE CULTIVO
650 ## - ASSUNTO--TERMO TÓPICO
Cabeçalho tópico ou nome geográfico FERTILIZANTE FOSFATADO
773 0# - ENTRADA ANALÍTICA
Título Revista Brasileira de Ciência do Solo (Brazil)
ISSN - International Standard Serial Number ISSN 0100-0683
Partes relacionadas (Jan-Feb 2010), v. 34(1) p. 89-96
Número de controle do registro BR2013006184
856 40 - LOCALIZAÇÃO ELETRÔNICA E ACESSO
Uniform Resource Identifier <a href="http://www.scielo.br/pdf/rbcs/v34n1/a09v34n1.pdf">http://www.scielo.br/pdf/rbcs/v34n1/a09v34n1.pdf</a>
909 ## -
-- 202311
-- Lúcia
-- 55
-- Lúcia Elande
942 ## - ELEMENTOS DE ENTRADA ADICIONADOS (KOHA)
Fonte da classificação ou esquema de arquivamento na estante Classificação AGRIS
Ocultar no OPAC Não
Tipo de material Koha Analítica
Exemplares
Situação do descarte Fonte da classificação ou esquema de arquivamento na estante Situação física Não pode ser emprestado Biblioteca de origem Biblioteca atual Localização na estante Enumeração do periódico / cronologia Total de empréstimos Data de último acesso Número do exemplar Tipo de material Koha Fonte de aquisição
  Classificação AGRIS   Consulta local Biblioteca Nacional de Agricultura - Binagri Biblioteca Nacional de Agricultura - Binagri   (Jan-Feb 2010), v. 34(1) p. 89-96   29/11/2023 01 Periódicos Portaria Interministerial nº 164/94

BINAGRI

Telefone: (61)3218-2567/2388/3357/2097 - binagri@agro.gov.br

Ministério da Agricultura e Pecuária , Esplanada dos Ministérios, Bloco D, Anexo B, Brasília/DF, CEP: 70.043-900